Diseño de 8.0 Km de estructura de pavimento con adoquín y evaluación de impacto ambiental en el tramo Santo Domingo - Los Chinamos
Presenta el diseño de 8.0 Km de estructura de pavimento con adoquín y evaluación de impacto ambiental en el tramo Santo Domingo - Los Chinamos departamento de chontales para ello se aplicó la metodología de la guía para diseño de estructuras de pavimento ASSHTO-93, se presenta la descripción...
| Main Authors: | , , |
|---|---|
| Other Authors: | |
| Format: | Tesis Section = Libro |
| Language: | Undetermined Spanish |
| Published: |
Managua
UNI
2012
|
| Subjects: |
| LEADER | 01583nam a2200301Ia 4500 | ||
|---|---|---|---|
| 008 | 240830s9999 xx 000 0 und d | ||
| 040 | |a BIBLIOTECA-RUPAP T.Mon 625.8 G984 | ||
| 041 | |a spa | ||
| 082 | |a T.Mon 625.8 G984 | ||
| 100 | 1 | |a Gutiérrez Ortiz, Gersan Marcel | |
| 100 | 1 | |b Arévalo Arias, Jimmy José. | |
| 100 | 1 | |c Robleto Aguirre, José Ricardo | |
| 245 | 1 | 0 | |a Diseño de 8.0 Km de estructura de pavimento con adoquín y evaluación de impacto ambiental en el tramo Santo Domingo - Los Chinamos |
| 260 | |a Managua |b UNI |c 2012 | ||
| 300 | |a 85 p. :il. | ||
| 502 | |a Tesis (Ingeniero Civil)- UNI, 2012. | ||
| 520 | 3 | |a Presenta el diseño de 8.0 Km de estructura de pavimento con adoquín y evaluación de impacto ambiental en el tramo Santo Domingo - Los Chinamos departamento de chontales para ello se aplicó la metodología de la guía para diseño de estructuras de pavimento ASSHTO-93, se presenta la descripción del lugar, datos económicos de la zona un estudio de suelos por medio de análisis de los sondeos de línea a lo largo del camino y de los bancos de materiales, un estudio de tránsito para la evaluación de los conteos vehiculares para conocer el transito promedio diario anual. | |
| 650 | 7 | |a PAVIMENTOS | |
| 650 | 7 | |b PAVIMENTOS DE HORMIGON | |
| 650 | 7 | |c PAVIMENTOS-DISEÑO Y CONSTRUCCION | |
| 650 | 7 | |e ESTUDIO DE TRANSITO | |
| 650 | 7 | |f ESTUDIO SUELOS | |
| 650 | 7 | |g EVALUACION DE IMPACTO AMB IENTAL | |
| 650 | 7 | |h CARRETERAS | |
| 700 | 1 | |a Tutor: |b Morales Urbina, Israel | |
| 942 | |c BK |2 ddc | ||
| 991 | |a TESIS | ||
| 999 | |c 18217 | ||